| 000 | 00448nam a2200181Ia 4500 | ||
|---|---|---|---|
| 001 | 923 | ||
| 005 | 20260306140554.0 | ||
| 008 | 260306t2014||||xx |||||||||||||| ||spa|| | ||
| 041 | _aESP | ||
| 082 |
_a174.3 _bS17 |
||
| 100 |
_aSaldaña Serrano, Javier _eAUT |
||
| 245 | 0 | _aÉtica del ministerio público virtudes ministeriales | |
| 260 | _c2014 | ||
| 300 |
_a95 páginas : _c21 cm. |
||
| 650 | _aGEN | ||
| 654 | _aCHU | ||
| 942 |
_cLIB _dJUS _fJUS _2ddc _n |
||
| 999 |
_c923 _d923 |
||